Statistics for Every Brandy song that hit the Billboard hot 100

Click here to take the quiz!

General Stats

  • This quiz has been taken 21 times
  • The average score is 10 of 17

Answer Stats

Peak Chart PositionYearSong% Correct
11998The Boy Is Mine
94%
21996Sittin' Up In My Room (From "Waiting To Exhale")
89%
182002Full Moon
83%
61994I Wanna Be Down
78%
72002What About Us?
67%
91995Brokenhearted
67%
341995Best Friend
67%
41995Baby
61%
161999Almost Doesn't Count
61%
11999Have You Ever?
56%
652012Put It Down
56%
342008Right Here (Departed)
44%
362004Talk About Our Love
44%
251996Missing You (From "Set It Off")
39%
721999Angel In Disguise
33%
791999U Don't Know Me (Like U Used To)
33%
852004Who Is She 2 U
33%

Score Distribution

Percentile by Number Answered

Percent of People with Each Score

Your Score History

You have not taken this quiz